[Event "Boeblinger Open 2014"]
[Site "Boeblingen"]
[Date "2014.12.29"]
[Round "6"]
[White "Rahnfeld, Jens"]
[Black "Winterberg, Lukas"]
[Result "1/2-1/2"]
[WhiteElo "2100"]
[BlackElo "2264"]
[PlyCount "65"]
[EventDate "2014.??.??"]

1. e4 e5 2. Nf3 Nc6 3. Nc3 Nf6 4. Bb5 Nd4 5. Ba4 c6 6. Nxe5 Qe7 7. Nf3 Nxe4 8.
O-O Nxc3 9. dxc3 Ne6 10. Re1 Qc5 11. Ng5 Be7 12. Qh5 Bxg5 13. Qxg5 Qxg5 14.
Bxg5 d5 15. Bb3 O-O 16. Be3 b6 17. Rad1 b5 18. a4 a6 19. Rd2 Bb7 20. Red1 f5
21. Bb6 Rfe8 22. Ba2 Nf8 23. f3 Nd7 24. Bf2 Nf6 25. b3 Bc8 26. c4 Be6 27. c5
Rab8 28. Rd4 Bf7 29. Kf1 Nd7 30. axb5 axb5 31. b4 Ne5 32. Bb3 Ra8 33. Re1
1/2-1/2

[Event "Boeblinger Open 2014"]
[Site "Boeblingen"]
[Date "2014.12.30"]
[Round "6"]
[White "Baldauf, Marco"]
[Black "Haas, Wilhelm"]
[Result "1-0"]
[WhiteElo "2393"]
[BlackElo "2176"]
[PlyCount "93"]
[EventDate "2014.??.??"]

1. d4 Nf6 2. c4 g6 3. Nc3 Bg7 4. e4 d6 5. f3 O-O 6. Nge2 e5 7. Bg5 c6 8. Qd2
Qc7 9. d5 c5 10. g4 a6 11. Ng3 b5 12. cxb5 axb5 13. Bxb5 Ba6 14. O-O Bxb5 15.
Nxb5 Qb6 16. a4 Nbd7 17. Be3 Rfc8 18. Rfc1 Bf8 19. Ne2 Qb7 20. b3 Ne8 21. Nec3
Nc7 22. Qb2 Na6 23. Nb1 Nb6 24. N1a3 Nb4 25. Qd2 Qd7 26. Kh1 Ra6 27. Rab1 Qb7
28. Rg1 Be7 29. Rbc1 Bf8 30. h4 Qd7 31. Rg3 Rb8 32. Kg2 Rb7 33. Rh1 Qd8 34. h5
Rd7 35. Rgh3 Qa8 36. Kg3 Qb7 37. Bg5 Ra8 38. R3h2 Ra6 39. Rc1 Ra8 40. Qd1 Bg7
41. Qd2 Qb8 42. Rch1 Bf8 43. Bf6 Qb7 44. Rd1 Ra6 45. Rdh1 Ra8 46. Qg5 h6 47.
hxg6 1-0

[Event "Boeblinger Open 2014"]
[Site "Boeblingen"]
[Date "2014.12.30"]
[Round "6"]
[White "Brunello, Marina"]
[Black "Graf, Felix"]
[Result "1/2-1/2"]
[WhiteElo "2254"]
[BlackElo "2472"]
[PlyCount "139"]
[EventDate "2014.??.??"]

1. e4 e6 2. d4 d5 3. Nd2 Nc6 4. Ngf3 Nf6 5. Bd3 Nb4 6. e5 Nxd3+ 7. cxd3 Nd7 8.
O-O Be7 9. Re1 c5 10. dxc5 Nxc5 11. Nb3 Na4 12. Nbd4 Bd7 13. Rb1 O-O 14. Be3
Qa5 15. Ng5 Qa6 16. Qe2 f6 17. Ngf3 f5 18. Bf4 h6 19. h4 Rac8 20. g3 Be8 21.
Qd2 Kh7 22. Rec1 Bh5 23. Kg2 Qb6 24. Be3 Qa6 25. Rc2 Rxc2 26. Qxc2 Nc5 27. b4
Bxf3+ 28. Nxf3 Qxd3 29. Rc1 Qxc2 30. Rxc2 Nd3 31. a3 f4 32. gxf4 Bxh4 33. Rc7
Nxf4+ 34. Bxf4 Rxf4 35. Nxh4 Rxh4 36. Rxb7 a5 37. bxa5 Rg4+ 38. Kf1 Ra4 39. Rb6
Kg6 40. Rxe6+ Kf5 41. Re7 Rxa5 42. Rxg7 Rxa3 43. e6 Ra6 44. e7 Re6 45. Rf7+ Kg6
46. e8=Q Rxe8 47. Rd7 Re5 48. f4 Rf5 49. Rd6+ Kh5 50. Ke2 Rxf4 51. Rxd5+ Kg4
52. Ke3 Rf6 53. Rd1 Kg3 54. Rg1+ Kh2 55. Rg4 Kh3 56. Rg1 h5 57. Rh1+ Kg4 58.
Rg1+ Kh4 59. Rh1+ Kg5 60. Rg1+ Kh6 61. Rh1 Rf5 62. Ke4 Rf2 63. Ke3 Rf8 64. Rh3
Kg5 65. Rf3 Re8+ 66. Kf2 Kg4 67. Rb3 Rf8+ 68. Kg2 h4 69. Rb4+ Rf4 70. Rxf4+
1/2-1/2

[Event "Boeblinger Open 2014"]
[Site "Boeblingen"]
[Date "2014.12.30"]
[Round "6"]
[White "Eisenbeiser, Amadeus"]
[Black "Arnold, Max"]
[Result "1/2-1/2"]
[WhiteElo "2377"]
[BlackElo "2158"]
[PlyCount "97"]
[EventDate "2014.??.??"]

1. e4 e5 2. Nf3 Nc6 3. Bc4 Bc5 4. d3 Nf6 5. O-O d6 6. c3 O-O 7. Bb3 a5 8. Nbd2
Be6 9. Re1 Re8 10. Bxe6 Rxe6 11. Nc4 d5 12. Ncd2 dxe4 13. dxe4 Qd3 14. h3 a4
15. Qe2 Qxe2 16. Rxe2 Rd8 17. Kf1 b5 18. b4 axb3 19. axb3 Nd7 20. b4 Bf8 21.
Nb3 Nb6 22. Rd2 Na4 23. Rxd8 Nxd8 24. Bd2 f6 25. Na5 c5 26. c4 cxb4 27. cxb5
Nc3 28. Bxc3 bxc3 29. Nc4 Nb7 30. Ne1 Re8 31. Nd3 Rb8 32. b6 Nd6 33. Nxd6 Bxd6
34. Ra6 c2 35. Ke2 Bc5 36. Ra2 Rxb6 37. Rxc2 Bd4 38. Ne1 Rb2 39. Rxb2 Bxb2 40.
Kd3 h5 41. Kc4 Kf7 42. Kd5 Bd4 43. Nd3 Bc3 44. g3 Ba1 45. Kd6 Bd4 46. Kd7 Bc3
47. f4 exf4 48. gxf4 g5 49. fxg5 1/2-1/2

[Event "Boeblinger Open 2014"]
[Site "Boeblingen"]
[Date "2014.12.30"]
[Round "6"]
[White "Fedorovsky, Michael"]
[Black "Prohaszka, Peter"]
[Result "1/2-1/2"]
[WhiteElo "2443"]
[BlackElo "2613"]
[PlyCount "38"]
[EventDate "2014.??.??"]

1. d4 d5 2. c4 c6 3. cxd5 cxd5 4. Bf4 Nf6 5. Nc3 Nc6 6. Nf3 a6 7. Rc1 e6 8. e3
Be7 9. Bd3 O-O 10. h3 Bd7 11. O-O Be8 12. Qe2 Nh5 13. Bh2 f5 14. g4 Nf6 15. Ne5
g6 16. f3 Bd6 17. Nxc6 Bxc6 18. Bxd6 Qxd6 19. Qh2 Qxh2+ 1/2-1/2

[Event "Boeblinger Open 2014"]
[Site "Boeblingen"]
[Date "2014.12.30"]
[Round "6"]
[White "Gheng, Josef"]
[Black "Meskovs, Nikita"]
[Result "0-1"]
[WhiteElo "2315"]
[BlackElo "2452"]
[PlyCount "141"]
[EventDate "2014.??.??"]

1. c4 e5 2. Nc3 Nf6 3. g3 Bb4 4. Bg2 O-O 5. Nf3 Nc6 6. Nd5 e4 7. Nh4 Re8 8. Nf5
Bf8 9. Nfe3 Nxd5 10. cxd5 Nd4 11. O-O c5 12. d3 exd3 13. Qxd3 Qf6 14. Bd2 Qg6
15. Bc3 Qxd3 16. exd3 Ne2+ 17. Kh1 Nxc3 18. bxc3 d6 19. a4 b6 20. Rfb1 Bd7 21.
Bf3 g6 22. Kg2 f5 23. Bd1 Bg7 24. Ra3 Bh6 25. Nc4 Bf8 26. Nd2 Be7 27. Nc4 Kf7
28. f4 Reb8 29. Bf3 Bf8 30. Ra2 Re8 31. Kf2 Rab8 32. Bd1 Ke7 33. Bb3 Rb7 34.
Bd1 Reb8 35. Bf3 Kd8 36. Ke3 Bc8 37. Kd2 a6 38. Re1 Bd7 39. Rb1 Kc7 40. Bd1 Bg7
41. Bf3 Bf6 42. h4 h5 43. Re1 Re8 44. Rb1 Ra8 45. Re1 Rbb8 46. Re6 Bxe6 47.
dxe6 Ra7 48. Ne3 Kd8 49. Nd5 Bg7 50. Ne3 Ke7 51. Bd5 b5 52. axb5 Rxb5 53. Kc2
a5 54. Ra4 Kf6 55. Bc6 Rb8 56. Bd7 Bf8 57. Nd5+ Kg7 58. d4 cxd4 59. Rxd4 Rab7
60. Ra4 Rb2+ 61. Kd3 Rg2 62. Rxa5 Rxg3+ 63. Kc4 Rg4 64. Ra7 Rxh4 65. Bc6+ Kh6
66. Rf7 Rc8 67. Kb3 Rh2 68. Nf6 Bg7 69. Bb7 Rb8 70. Nd5 Re2 71. Kc4 0-1

[Event "Boeblinger Open 2014"]
[Site "Boeblingen"]
[Date "2014.12.30"]
[Round "6"]
[White "Gschnitzer, Oswald"]
[Black "Regez, Markus"]
[Result "1-0"]
[WhiteElo "2407"]
[BlackElo "2188"]
[PlyCount "81"]
[EventDate "2014.??.??"]

1. Nf3 d5 2. d4 Nf6 3. c4 e6 4. Nc3 Be7 5. Bg5 O-O 6. e3 h6 7. Bxf6 Bxf6 8. Qb3
dxc4 9. Bxc4 Nc6 10. Bb5 e5 11. d5 Ne7 12. O-O Nf5 13. Rac1 Nd6 14. e4 Bg4 15.
Be2 Bxf3 16. Bxf3 Bg5 17. Rc2 a6 18. g3 b5 19. h4 Be7 20. Nd1 b4 21. Qxb4 Nb5
22. Qc4 Rb8 23. Bg2 Bd6 24. Ne3 Nd4 25. Rd2 Qd7 26. b3 g6 27. Nc2 f5 28. Nxd4
exd4 29. Qxd4 Rb4 30. Qd3 f4 31. e5 Bxe5 32. Qxg6+ Bg7 33. Qe6+ Qxe6 34. dxe6
Re8 35. Bc6 Re7 36. Rd7 Bf6 37. Rfd1 Rb6 38. Bd5 Kg7 39. Bc4 a5 40. Rxe7+ Bxe7
41. Rd7 1-0

[Event "Boeblinger Open 2014"]
[Site "Boeblingen"]
[Date "2014.12.30"]
[Round "6"]
[White "Kabisch, Thilo"]
[Black "Bayer, Bernhard"]
[Result "0-1"]
[WhiteElo "2211"]
[BlackElo "2445"]
[PlyCount "110"]
[EventDate "2014.??.??"]

1. e4 c6 2. d4 d5 3. Nc3 dxe4 4. Nxe4 Bf5 5. Ng3 Bg6 6. h4 h6 7. Nf3 Nd7 8. h5
Bh7 9. Bd3 Bxd3 10. Qxd3 Ngf6 11. Bf4 Qa5+ 12. Bd2 Qc7 13. O-O-O e6 14. Qe2
O-O-O 15. Ne5 Nb6 16. Ba5 Rd5 17. Bxb6 axb6 18. f4 b5 19. Ne4 b4 20. g4 Nxe4
21. Qxe4 Bd6 22. Rhf1 Rd8 23. g5 hxg5 24. fxg5 Bxe5 25. dxe5 Rxd1+ 26. Rxd1
Rxd1+ 27. Kxd1 Qd8+ 28. Qd3 Qxg5 29. Qf3 Qf5 30. Qe2 Qf4 31. c3 bxc3 32. bxc3
Qa4+ 33. Ke1 Qa5 34. Qe3 Kb8 35. Qg3 Ka7 36. Qxg7 Qxc3+ 37. Ke2 Qb2+ 38. Kf3
Qc3+ 39. Ke2 Qc2+ 40. Ke3 Qc1+ 41. Ke2 Qc4+ 42. Ke3 c5 43. h6 Qd4+ 44. Ke2 c4
45. h7 c3 46. h8=Q Qd2+ 47. Kf3 Qd1+ 48. Kg2 c2 49. Qgg8 Qd5+ 50. Kg3 c1=Q 51.
Qa8+ Kb6 52. Qhd8+ Qc7 53. Qxd5 exd5 54. Qe8 d4 55. Kf4 Qc4 0-1

[Event "Boeblinger Open 2014"]
[Site "Boeblingen"]
[Date "2014.12.30"]
[Round "6"]
[White "Konson, Konstantin"]
[Black "Jorczik, Julian"]
[Result "1-0"]
[WhiteElo "2198"]
[BlackElo "2409"]
[PlyCount "123"]
[EventDate "2014.??.??"]

1. e4 e6 2. d4 d5 3. Nc3 Nf6 4. e5 Nfd7 5. f4 c5 6. Nf3 Nc6 7. Be3 Be7 8. Qd2
O-O 9. dxc5 Bxc5 10. O-O-O Qa5 11. Bxc5 Nxc5 12. h4 Bd7 13. Rh3 b5 14. f5 exf5
15. Bxb5 Rfb8 16. Bxc6 Bxc6 17. Nd4 Bd7 18. Rg3 Qb6 19. b3 Ne4 20. Nxe4 fxe4
21. h5 Re8 22. Qg5 g6 23. c3 Qc7 24. e6 Bxe6 25. hxg6 fxg6 26. Nxe6 Rxe6 27.
Qxd5 Rae8 28. Re3 Qf4 29. Rde1 R8e7 30. Kb2 Kg7 31. g3 Qf5 32. Qd4+ Qf6 33.
Qxf6+ Kxf6 34. c4 h5 35. Kc3 g5 36. Rh1 Rh7 37. Rhe1 Kf5 38. Rf1+ Kg4 39. Rg1
Rf7 40. c5 Rf3 41. Kd4 Kf5 42. b4 Re8 43. Rge1 Rd8+ 44. Kc4 Rxe3 45. Rxe3 h4
46. gxh4 Kf4 47. Re1 gxh4 48. Rf1+ Kg3 49. Rg1+ Kf2 50. Rg4 e3 51. Rxh4 e2 52.
Re4 e1=Q 53. Rxe1 Kxe1 54. c6 Kd2 55. b5 Rh8 56. a4 Rh4+ 57. Kd5 Kc3 58. a5 Kb4
59. c7 Rh8 60. b6 axb6 61. axb6 Rh5+ 62. Ke4 1-0

[Event "Boeblinger Open 2014"]
[Site "Boeblingen"]
[Date "2014.12.30"]
[Round "6"]
[White "Kotz, Reinhard"]
[Black "Vujic, Branimir"]
[Result "0-1"]
[WhiteElo "2171"]
[BlackElo "2351"]
[PlyCount "106"]
[EventDate "2014.??.??"]

1. f4 d5 2. Nf3 Nc6 3. e3 Bg4 4. Bb5 Qd6 5. h3 Bxf3 6. Qxf3 g6 7. c4 O-O-O 8.
Qxd5 Qxd5 9. cxd5 Nb4 10. Kd1 Nxd5 11. Ke2 Bg7 12. Nc3 e6 13. Nxd5 exd5 14. d3
Ne7 15. Rb1 c6 16. Ba4 Rhe8 17. Kf3 Kc7 18. Bd2 Kb6 19. b4 a6 20. Rhc1 Rd7 21.
Bd1 Nf5 22. g4 Nd6 23. a4 f5 24. Bc2 Rde7 25. Re1 h6 26. gxf5 Nxf5 27. d4 Nh4+
28. Kg3 Bf6 29. b5 g5 30. bxc6+ Kxc6 31. f5 Rf7 32. Rec1 Kd6 33. Bd3 Bd8 34.
Rf1 Bc7 35. Rf2 h5 36. Rxb7 Kc6+ 37. Rxc7+ Kxc7 38. Rf1 Ref8 39. Bb4 Rb8 40.
Ba5+ Kd6 41. Rb1 Rxb1 42. Bxb1 Nxf5+ 43. Bxf5 Rxf5 44. Bd8 Kd7 45. Bb6 Rf1 46.
a5 Ke6 47. Bd8 Kf5 48. Kg2 Ra1 49. Kf3 Ra3 50. Bc7 Ra2 51. Bd8 g4+ 52. hxg4+
hxg4+ 53. Kg3 Re2 0-1

[Event "Boeblinger Open 2014"]
[Site "Boeblingen"]
[Date "2014.12.30"]
[Round "6"]
[White "Lanka, Zigurds"]
[Black "Kunin, Vitaly"]
[Result "0-1"]
[WhiteElo "2437"]
[BlackElo "2589"]
[PlyCount "120"]
[EventDate "2014.??.??"]

1. Nf3 Nf6 2. g3 d6 3. Bg2 e5 4. d3 Be7 5. c4 O-O 6. O-O c6 7. Nc3 a5 8. e4 Na6
9. Ne1 Ne8 10. Kh1 f5 11. f4 fxe4 12. Nxe4 Nf6 13. Nf2 Nc5 14. fxe5 dxe5 15.
Qe2 Bf5 16. b3 Qd7 17. Bb2 Ng4 18. Nxg4 Bxg4 19. Rxf8+ Rxf8 20. Qe3 Ne6 21. h3
Bc5 22. Qxe5 Bf5 23. Nf3 Bd6 24. Qe3 Bxg3 25. Ne5 Bxe5 26. Qxe5 Qxd3 27. Rf1
Bxh3 28. Rxf8+ Kxf8 29. Ba3+ Kg8 30. Qb8+ Nd8 31. Bd5+ cxd5 32. Qxd8+ Kf7 33.
Qe7+ Kg6 34. Qe8+ Kh6 35. Bc1+ g5 36. Qf8+ Kh5 37. Qf7+ Kh4 38. Qf2+ Kh5 39.
Qf7+ Qg6 40. Qxg6+ Kxg6 41. cxd5 Bd7 42. a4 h5 43. Bd2 h4 44. Bxa5 g4 45. Bd8
Kh5 46. Kg2 Bf5 47. d6 Be4+ 48. Kg1 Bc6 49. b4 Bxa4 50. Kf2 Bc6 51. Ke3 h3 52.
d7 h2 53. Bc7 h1=Q 54. d8=Q Qe4+ 55. Kd2 Qxb4+ 56. Ke3 Qc3+ 57. Kf4 Qf3+ 58.
Ke5 Qe3+ 59. Kf5 Qe4+ 60. Kf6 Qg6+ 0-1

[Event "Boeblinger Open 2014"]
[Site "Boeblingen"]
[Date "2014.12.30"]
[Round "6"]
[White "Noe, Christopher"]
[Black "Braun, Arik"]
[Result "1/2-1/2"]
[WhiteElo "2375"]
[BlackElo "2549"]
[PlyCount "58"]
[EventDate "2014.??.??"]

1. e4 c6 2. d4 d5 3. exd5 cxd5 4. c4 Nf6 5. Nc3 Nc6 6. Bg5 Ne4 7. Nxe4 dxe4 8.
d5 Ne5 9. Qd4 f6 10. Qxe4 Qb6 11. O-O-O Qxf2 12. Bf4 g6 13. Nh3 Qc5 14. Bxe5
fxe5 15. Qxe5 Bh6+ 16. Kb1 O-O 17. Bd3 Bg7 18. Qe1 a5 19. Rf1 Bg4 20. Rd2 Rxf1
21. Qxf1 Bd4 22. Ng5 Rf8 23. Nf3 Qd6 24. Re2 Qf6 25. Be4 Bc5 26. Qc1 b6 27. h3
Bd7 28. a3 Rc8 29. Qg5 Kg7 1/2-1/2

[Event "Boeblinger Open 2014"]
[Site "Boeblingen"]
[Date "2014.12.30"]
[Round "6"]
[White "Rücker, Benjamin"]
[Black "Maier, Alexander"]
[Result "1/2-1/2"]
[WhiteElo "2250"]
[BlackElo "2315"]
[PlyCount "42"]
[EventDate "2014.??.??"]

1. d4 c5 2. d5 Nf6 3. c4 d6 4. Nc3 g6 5. e4 Bg7 6. h3 O-O 7. Nf3 Na6 8. Bd3 Nc7
9. a4 Na6 10. O-O Nb4 11. Bb1 b6 12. Bf4 Nd7 13. Qd2 a6 14. Ra3 Rb8 15. Bh6 Qe8
16. h4 e5 17. h5 Nf6 18. hxg6 hxg6 19. Nh2 Nh5 20. Ne2 Rb7 21. g4 Nf4 1/2-1/2

[Event "Boeblinger Open 2014"]
[Site "Boeblingen"]
[Date "2014.12.30"]
[Round "6"]
[White "Schlecht, Daniel"]
[Black "Schneider, German"]
[Result "1-0"]
[WhiteElo "2366"]
[BlackElo "2150"]
[PlyCount "69"]
[EventDate "2014.??.??"]

1. d4 Nf6 2. c4 c5 3. d5 e6 4. Nc3 exd5 5. cxd5 d6 6. e4 g6 7. h3 Bg7 8. Nf3
O-O 9. Bd3 Bd7 10. a4 Re8 11. O-O c4 12. Bc2 Na6 13. Re1 Nb4 14. Bb1 a6 15. Bf4
Qb8 16. Qd2 Nh5 17. Bh2 Qc7 18. a5 b6 19. g4 Nf6 20. e5 dxe5 21. Nxe5 Qb7 22.
axb6 Nfxd5 23. Nxc4 Rxe1+ 24. Qxe1 Nxc3 25. bxc3 Re8 26. Qd1 Bc6 27. Nd6 Qxb6
28. Nxe8 Bxe8 29. Ra3 Nd5 30. Rb3 Qe6 31. Rb8 Bf8 32. Ba2 Bc6 33. Rd8 Nxc3 34.
Bxe6 Nxd1 35. Bb3 1-0

[Event "Boeblinger Open 2014"]
[Site "Boeblingen"]
[Date "2014.12.30"]
[Round "6"]
[White "Schuler, Marc"]
[Black "Jahncke, Giso"]
[Result "1/2-1/2"]
[WhiteElo "2127"]
[BlackElo "2294"]
[PlyCount "114"]
[EventDate "2014.??.??"]

1. Nf3 g6 2. g3 Bg7 3. Bg2 e5 4. d3 Ne7 5. Nbd2 O-O 6. e4 c5 7. O-O Nbc6 8. a4
d5 9. exd5 Nxd5 10. Re1 Ndb4 11. h3 Rb8 12. Ne4 b6 13. Bg5 f6 14. Be3 Be6 15.
Qe2 Rc8 16. Red1 Nd5 17. Bd2 Qd7 18. Kh2 Kh8 19. c3 Bg8 20. h4 f5 21. Neg5 Nf6
22. Be1 h6 23. Nh3 Rce8 24. Nd2 Na5 25. Nc4 Nxc4 26. dxc4 Qf7 27. b3 e4 28. a5
Ng4+ 29. Kg1 Be5 30. axb6 axb6 31. Ra6 Qc7 32. Rda1 Be6 33. Ra7 Qc8 34. f3 exf3
35. Bxf3 Bb8 36. Nf4 Bf7 37. Re7 Ne5 38. Bb7 Qd8 39. Rxe8 Rxe8 40. Rd1 Qc7 41.
Qg2 Ng4 42. Qc6 Qxc6 43. Bxc6 Re7 44. Rd8+ Kg7 45. Bd2 Be5 46. Kg2 Bf6 47. Rd7
Rxd7 48. Bxd7 Ne5 49. Bb5 g5 50. hxg5 hxg5 51. Nd5 Bd8 52. Be3 Kg6 53. b4 Bxd5+
54. cxd5 cxb4 55. cxb4 Bc7 56. Bd4 Kf6 57. Be8 f4 1/2-1/2

[Event "Boeblinger Open 2014"]
[Site "Boeblingen"]
[Date "2014.12.30"]
[Round "6"]
[White "Shishkin, Vadim"]
[Black "Nguyen, Thai Dai Van"]
[Result "1/2-1/2"]
[WhiteElo "2482"]
[BlackElo "2212"]
[PlyCount "103"]
[EventDate "2014.??.??"]

1. d4 d5 2. c4 e6 3. Nc3 Be7 4. Nf3 Nf6 5. Bf4 O-O 6. e3 b6 7. cxd5 Nxd5 8.
Nxd5 Qxd5 9. Bd3 Qa5+ 10. Ke2 Ba6 11. a3 c5 12. b4 Bxd3+ 13. Qxd3 Qa4 14. Rhc1
Nd7 15. Bg5 Bxg5 16. Nxg5 g6 17. Ne4 cxd4 18. Qxd4 Qb5+ 19. Ke1 Rfd8 20. Rd1
Qe5 21. f4 Qg7 22. Rac1 e5 23. Qa1 Nf6 24. Nf2 exf4 25. exf4 Nd5 26. Qxg7+ Kxg7
27. Rd4 Re8+ 28. Kd2 Ne3 29. Nd3 Nxg2 30. Rc7 Rad8 31. Rxd8 Rxd8 32. Kc3 Rd5
33. Ne5 Nxf4 34. Nxf7 Rd3+ 35. Kb2 Rd2+ 36. Kb3 Rxh2 37. Ng5+ Kf6 38. Nxh7+ Kf5
39. Rf7+ Ke5 40. Rxa7 Ne6 41. Kc4 g5 42. Nxg5 Nxg5 43. Kb5 Rh6 44. Ra6 Ne4 45.
Rxb6 Nc3+ 46. Ka5 Rxb6 47. Kxb6 Kd5 48. Ka5 Kc4 49. a4 Kb3 50. b5 Nxa4 51. b6
Nxb6 52. Kxb6 1/2-1/2

[Event "Boeblinger Open 2014"]
[Site "Boeblingen"]
[Date "2014.12.30"]
[Round "6"]
[White "Smirnov, Artem"]
[Black "Jelica, Mara"]
[Result "1/2-1/2"]
[WhiteElo "2446"]
[BlackElo "2191"]
[PlyCount "44"]
[EventDate "2014.??.??"]

1. d4 Nf6 2. Bg5 d5 3. Nd2 Bf5 4. e3 e6 5. Ngf3 h6 6. Bxf6 gxf6 7. Bd3 Bxd3 8.
cxd3 c5 9. Rc1 Nd7 10. O-O Rg8 11. dxc5 Bxc5 12. Qa4 Bd6 13. e4 dxe4 14. dxe4
Kf8 15. Rfd1 Nc5 16. Qc2 Nd3 17. Nc4 Nxc1 18. Qxc1 Bxh2+ 19. Nxh2 Qc7 20. Nd6
Qxc1 21. Rxc1 Ke7 22. Nxb7 Rgc8 1/2-1/2

[Event "Boeblinger Open 2014"]
[Site "Boeblingen"]
[Date "2014.12.30"]
[Round "6"]
[White "Vuckovic, Aleksandar"]
[Black "Yakimenko, Alexander A"]
[Result "1-0"]
[WhiteElo "2337"]
[BlackElo "2140"]
[PlyCount "99"]
[EventDate "2014.??.??"]

1. e4 e6 2. d4 d5 3. Nd2 Nc6 4. Ngf3 Nf6 5. e5 Nd7 6. Be2 f6 7. exf6 Qxf6 8.
Nf1 e5 9. dxe5 Ndxe5 10. Qxd5 Be6 11. Qe4 Bf5 12. Qa4 Bb4+ 13. Bd2 Nxf3+ 14.
Bxf3 Qe5+ 15. Ne3 Bxd2+ 16. Kxd2 O-O-O+ 17. Kc1 Rd4 18. Qa3 Be4 19. Bxe4 Qxe4
20. Qc5 Qf4 21. Rf1 Kb8 22. g3 Qf3 23. b3 Qf6 24. Qc3 b5 25. a3 a5 26. Kb1 b4
27. axb4 axb4 28. Qc5 Rhd8 29. Qb5+ Kc8 30. Ra8+ Kd7 31. Rxd8+ Kxd8 32. Rd1
Rxd1+ 33. Nxd1 Qf3 34. Qg5+ Kc8 35. Qd2 g5 36. Nb2 Qh1+ 37. Ka2 Qxh2 38. Nd3 h6
39. Qe2 Qh1 40. Qe8+ Kb7 41. Qf8 h5 42. Nxb4 h4 43. gxh4 Qxh4 44. Nd3 g4 45.
Qf5 Kb8 46. Qb5+ Kc8 47. Qxc6 Kd8 48. Qa8+ Kd7 49. Qe4 Qg5 50. Ne5+ 1-0

[Event "Boeblinger Open 2014"]
[Site "Boeblingen"]
[Date "2014.12.29"]
[Round "7"]
[White "Becker, Matthias"]
[Black "Eisenbeiser, Amadeus"]
[Result "0-1"]
[WhiteElo "2137"]
[BlackElo "2377"]
[PlyCount "130"]
[EventDate "2014.??.??"]

1. b3 e5 2. Bb2 Nc6 3. e3 a6 4. c4 Nf6 5. Nc3 d5 6. cxd5 Nxd5 7. Nf3 Nxc3 8.
Bxc3 Bd6 9. Qc2 O-O 10. Bd3 f5 11. e4 f4 12. Bc4+ Kh8 13. h4 Qe7 14. h5 Bg4 15.
Nh4 Bxh5 16. Qd3 Qg5 17. Qh3 Bg4 18. Nf3 Qg6 19. Qh4 Qxe4+ 20. Kf1 Bxf3 21.
gxf3 Qf5 22. Bd5 h6 23. Be4 Qf6 24. Qh5 Rae8 25. Ke2 Nd4+ 26. Bxd4 exd4 27.
Rag1 Re5 28. Qh3 b6 29. Kf1 Rg5 30. Rxg5 Qxg5 31. Rg1 Qb5+ 32. d3 Be7 33. Qe6
Bf6 34. Qg4 Qg5 35. Qd7 Qe5 36. Qg4 Bg5 37. Qh5 Qf6 38. Kg2 g6 39. Bxg6 Rg8 40.
Be4 Bh4+ 41. Kh2 Rxg1 42. Kxg1 Qg5+ 43. Qg4 h5 44. Qxg5 Bxg5 45. Bg6 h4 46. Kg2
Kg7 47. Be4 Kh6 48. Kh3 Kh5 49. Bb7 a5 50. Bc8 Be7 51. Bd7 Bb4 52. Bc8 Kg5 53.
Bd7 Be1 54. Kg2 Kf6 55. Kf1 Ke7 56. Bc8 Bd2 57. Kg2 Kd6 58. Kh3 Kc5 59. a4 Kb4
60. Be6 Kc3 61. Bc4 c6 62. Kxh4 Kb4 63. Kg4 b5 64. axb5 cxb5 65. Bf7 Kc3 0-1

[Event "Boeblinger Open 2014"]
[Site "Boeblingen"]
[Date "2014.12.29"]
[Round "7"]
[White "Benzen, Marthe"]
[Black "Neyman, Igor"]
[Result "1/2-1/2"]
[WhiteElo "1936"]
[BlackElo "2311"]
[PlyCount "120"]
[EventDate "2014.??.??"]

1. e4 c5 2. d3 Nc6 3. g3 g6 4. Bg2 Bg7 5. c3 d6 6. f4 e6 7. Nf3 Nge7 8. Be3 b6
9. O-O O-O 10. Bf2 Bb7 11. d4 Rc8 12. Na3 cxd4 13. Nxd4 Qd7 14. Qd2 Rfd8 15.
Rad1 d5 16. exd5 Nxd5 17. Nxc6 Bxc6 18. c4 Nf6 19. Qxd7 Bxd7 20. Bd4 Ng4 21.
Bxg7 Kxg7 22. Rd3 Ba4 23. Rc3 Rd7 24. h3 Nf6 25. b3 Bc6 26. Rc2 Rd3 27. Bxc6
Rxc6 28. Kg2 Ne4 29. Rf3 Rcd6 30. Rxd3 Rxd3 31. g4 a6 32. Re2 Nc3 33. Rf2 h5
34. Nc2 Ne4 35. Re2 Nc3 36. Rf2 a5 37. Ne1 Re3 38. Nc2 Rd3 39. Ne1 Rd1 40. Nf3
Ne4 41. Re2 hxg4 42. hxg4 Nf6 43. Ne5 Rd4 44. Kf3 Nd7 45. Nxd7 Rxd7 46. a3 Kf6
47. Re5 Rd3+ 48. Re3 Rd4 49. Rc3 Ke7 50. Ke3 Rd8 51. c5 bxc5 52. Rxc5 Rb8 53.
Rc3 Rb5 54. Rd3 g5 55. fxg5 Rxg5 56. Rd4 Rb5 57. b4 axb4 58. axb4 Kf6 59. Rc4
Ke7 60. Kd3 Kd6 1/2-1/2

[Event "Boeblinger Open 2014"]
[Site "Boeblingen"]
[Date "2014.12.29"]
[Round "7"]
[White "Braun, Arik"]
[Black "Baldauf, Marco"]
[Result "1-0"]
[WhiteElo "2549"]
[BlackElo "2393"]
[PlyCount "95"]
[EventDate "2014.??.??"]

1. c4 c5 2. Nf3 b6 3. d4 cxd4 4. Nxd4 Bb7 5. Nc3 Nf6 6. f3 a6 7. e4 Qc7 8. Be3
e6 9. Qd2 d6 10. Be2 Nbd7 11. Rc1 Rc8 12. O-O Qb8 13. Rfd1 Be7 14. Qe1 O-O 15.
Qf2 Rfe8 16. Kh1 Bd8 17. Qf1 d5 18. cxd5 exd5 19. Bxa6 Bxa6 20. Qxa6 dxe4 21.
Bf4 Nc5 22. Bxb8 Nxa6 23. Bd6 exf3 24. gxf3 Nc5 25. Ncb5 Nd5 26. Nf5 Bg5 27.
Rxc5 bxc5 28. Rxd5 Re1+ 29. Kg2 Re2+ 30. Kg3 Rxb2 31. a4 Rb4 32. Nc3 Rd8 33. h4
g6 34. hxg5 gxf5 35. Bxc5 Rxd5 36. Bxb4 Rd4 37. Be7 Rc4 38. Bf6 h5 39. gxh6 Kh7
40. Bg7 Kg6 41. Kf2 f6 42. Nd5 Rxa4 43. Nxf6 Ra3 44. Nd5 Ra7 45. Kg3 Rd7 46.
Nf4+ Kh7 47. Kh4 Ra7 48. Kg5 1-0

[Event "Boeblinger Open 2014"]
[Site "Boeblingen"]
[Date "2014.12.29"]
[Round "7"]
[White "Dorst, Johannes"]
[Black "Gschnitzer, Oswald"]
[Result "0-1"]
[WhiteElo "2262"]
[BlackElo "2407"]
[PlyCount "112"]
[EventDate "2014.??.??"]

1. d4 Nf6 2. c4 c5 3. d5 d6 4. Nc3 g6 5. e4 Bg7 6. Bd3 O-O 7. h3 e6 8. Nf3 exd5
9. cxd5 Bd7 10. Bf4 Re8 11. O-O b5 12. Bxd6 b4 13. Ne2 Nxe4 14. Bxe4 Rxe4 15.
Bxc5 Bb5 16. Re1 Na6 17. Be3 Bxb2 18. Rb1 Bg7 19. Ng3 Re8 20. Qb3 Bc3 21. Red1
Qd7 22. d6 Ba4 23. Qc4 Bxd1 24. Rxd1 Nb8 25. Qh4 Nc6 26. Ne4 Qf5 27. Neg5 h5
28. g4 Qc2 29. Rf1 Qd3 30. gxh5 Qxd6 31. h6 Qd5 32. Nh2 Ne5 33. Qf4 Nd3 34. h7+
Kg7 35. Qh4 f6 36. Ngf3 g5 37. Qh5 Qf7 38. Qg4 Qe6 39. Qg3 Be5 40. Nxe5 Qxe5
41. Qg4 Qe4 42. Qd7+ Re7 43. Qd6 Rf7 44. Ng4 Ne5 45. Nxe5 Qxe5 46. Qxb4 Rh8 47.
Qa3 Rxh7 48. Bxa7 g4 49. Qe3 Qxe3 50. Bxe3 Rxh3 51. Rb1 Re7 52. a4 Re4 53. Ra1
g3 54. Kg2 gxf2 55. Bxf2 Rb3 56. a5 Rbb4 0-1

[Event "Boeblinger Open 2014"]
[Site "Boeblingen"]
[Date "2014.12.29"]
[Round "7"]
[White "Graf, Felix"]
[Black "Rücker, Benjamin"]
[Result "1-0"]
[WhiteElo "2472"]
[BlackElo "2250"]
[PlyCount "41"]
[EventDate "2014.??.??"]

1. d4 g6 2. c4 Bg7 3. Nf3 d6 4. Nc3 Nf6 5. Bg5 h6 6. Bh4 O-O 7. e3 c6 8. Be2 a6
9. O-O g5 10. Bg3 Nh5 11. Qc2 Nxg3 12. hxg3 Nd7 13. Rad1 b6 14. d5 c5 15. a4 f5
16. Nh2 g4 17. f3 h5 18. fxg4 fxg4 19. Ne4 Bh6 20. Ng5 Nf6 21. Rxf6 1-0

[Event "Boeblinger Open 2014"]
[Site "Boeblingen"]
[Date "2014.12.29"]
[Round "7"]
[White "Jahncke, Giso"]
[Black "Lanka, Zigurds"]
[Result "0-1"]
[WhiteElo "2294"]
[BlackElo "2437"]
[PlyCount "150"]
[EventDate "2014.??.??"]

1. d4 Nf6 2. c4 e6 3. Nc3 Bb4 4. Qc2 c5 5. dxc5 O-O 6. Nf3 Na6 7. g3 Nxc5 8.
Bg2 b6 9. O-O Bb7 10. Nb5 Be4 11. Qd1 Nb7 12. a3 a6 13. axb4 axb5 14. Rxa8 Qxa8
15. Bg5 bxc4 16. Bxf6 gxf6 17. Qxd7 Qd8 18. Rd1 Bd5 19. Rxd5 exd5 20. Qxb7 d4
21. Qe4 d3 22. exd3 cxd3 23. Nd2 Re8 24. Qg4+ Kf8 25. Be4 Qd4 26. Qf3 Rd8 27.
b3 h6 28. Qf4 Rc8 29. Qxh6+ Ke7 30. Bf5 Rc2 31. h4 Qe5 32. Bxd3 Qe1+ 33. Bf1
Rxd2 34. Qf4 Rc2 35. Qd4 Rc1 36. Qd3 Kf8 37. Kg2 Qxb4 38. Qe3 Rc3 39. Qh6+ Ke7
40. Bc4 b5 41. Bd5 Qd4 42. Qh5 Kd6 43. Ba8 Rc2 44. Qf3 Ke7 45. h5 Kf8 46. h6
Rc3 47. Qb7 Rc2 48. Qb8+ Ke7 49. Qb7+ Ke6 50. Qf3 f5 51. h7 Rc8 52. Bc6 b4 53.
Bb7 Rh8 54. Qh5 Qg7 55. Qe2+ Kf6 56. Qa6+ Ke7 57. Qa5 Qxh7 58. Qxb4+ Kf6 59.
Qd6+ Kg7 60. Qe5+ Kg6 61. Kf1 Rd8 62. Bd5 Qh5 63. Kg2 Rh8 64. Bxf7+ Kxf7 65.
Qd5+ Kf8 66. Qd6+ Kg8 67. Qd8+ Kg7 68. Qd4+ Kh7 69. Qd7+ Kh6 70. Qe6+ Qg6 71.
Qe3+ Kh5 72. Qe2+ Qg4 73. f3 Qg6 74. f4+ Kh6 75. Qe7 Re8 0-1